00577nam a2200241Ia 4500008004100000020001800041050001400059100001600073245002100089245001900110260001900129260003000148260000900178300001600187300002000203300001000223650001500233650001300248650003000261650002000291650001300311700001100324181129s9999 xx 000 0 und d a9780544340640 bL921 2000 aLowry, Lois 0aGathering blue / 0cby Lois Lowry. aNew York, NY : bHughton Mifflin Harcourt, c2000 a183 pages : billustrations ; c20cm. aDystopias. aOrphans. aPeople with disabilities. aSocial control. aWeavers. aTitle.